|
|
|
|
| LEADER |
01939nam a2200517 a 4500 |
| 001 |
nkc20122388710 |
| 003 |
CZ PrNK |
| 005 |
20121001114125.0 |
| 007 |
ta |
| 008 |
120727s2012 xr a e p 000 0 cze |
| 015 |
|
|
|a cnb002388710
|
| 020 |
|
|
|a 978-80-7290-543-0
|q (brož.)
|
| 035 |
|
|
|a (OCoLC)817048081
|
| 040 |
|
|
|a OLA001
|b cze
|d ABA001
|
| 072 |
|
7 |
|a 37.09
|x Organizace výuky a vzdělávání
|2 Konspekt
|9 22
|
| 072 |
|
7 |
|a 37.016
|x Učební osnovy. Vyučovací předměty. Učebnice
|2 Konspekt
|9 22
|
| 080 |
|
|
|a 37.01
|2 MRF
|
| 080 |
|
|
|a 37.0
|2 MRF
|
| 080 |
|
|
|a 37.091:005.25
|2 MRF
|
| 080 |
|
|
|a 37.016
|2 MRF
|
| 080 |
|
|
|a 37.011/.012
|2 MRF
|
| 080 |
|
|
|a (07)
|2 MRF
|
| 100 |
1 |
|
|a Trojan, Václav
|7 jx20100519028
|4 aut
|4 edt
|
| 245 |
1 |
0 |
|a Pedagogický proces a jeho řízení /
|c Václav Trojan a kolektiv
|
| 260 |
|
|
|a Praha :
|b Univerzita Karlova v Praze, Pedagogická fakulta,
|c 2012
|
| 300 |
|
|
|a 172 s. :
|b il. ;
|c 30 cm
|
| 500 |
|
|
|a Nad názvem: Univerzita Karlova v Praze, Pedagogická fakulta, Centrum školského managementu
|
| 504 |
|
|
|a Obsahuje bibliografie a bibliografické odkazy
|
| 650 |
0 |
7 |
|a pedagogika
|7 ph115703
|2 czenas
|
| 650 |
0 |
7 |
|a výchova a vzdělávání
|7 ph127419
|2 czenas
|
| 650 |
0 |
7 |
|a management školy
|7 ph118550
|2 czenas
|
| 650 |
0 |
7 |
|a kurikulum
|7 ph115039
|2 czenas
|
| 650 |
0 |
7 |
|a pedagogická evaluace
|7 ph115701
|2 czenas
|
| 650 |
0 |
9 |
|a educational science
|2 eczenas
|
| 650 |
0 |
9 |
|a education
|2 eczenas
|
| 650 |
0 |
9 |
|a school management
|2 eczenas
|
| 650 |
0 |
9 |
|a curriculum
|2 eczenas
|
| 650 |
0 |
9 |
|a educational evaluation
|2 eczenas
|
| 655 |
|
7 |
|a učební texty
|7 fd133599
|2 czenas
|
| 655 |
|
9 |
|a educational texts
|2 eczenas
|
| 710 |
2 |
|
|a Univerzita Karlova.
|b Centrum školského managementu
|7 mzk2010508258
|
| 910 |
2 |
|
|a BOA001
|b 4-1289.859
|
| 990 |
|
|
|a BK
|
| 995 |
|
|
|a 01
|
| 991 |
|
|
|b 201208
|c NOV
|e n
|
| 996 |
6 |
|
|b 2610518587
|c 4-1289.859
|l MZK
|r Sklad / do 1 hodiny
|n 5
|p p.v.
|w 001269660
|u 000010
|a 1
|e BOA001
|j MZK50
|s P
|